00600nam a2200193Ia 4500008004100000020001800041082001400059100001900073245002600092250000900118260004200127300003100169500001900200600001500219650001500234942000700249952013300256999001700389240925s9999 xx 000 0 und d a9789332551785 a658.8 KOT aKotler, Philip 0aMarketing Management. a15th aNew Delhi:bPearson Educationc,2016. aVarious pagesb0fOriginal aIncludes Index aManagement aManagement cBK 001040708MANaUITUbUITUd2018-12-31eBismillah BookDepotg1080.00l0o658.8 KOTpQ12338r2024-09-25 07:16:25w2024-09-25yBK c14837d14837